Territories of the Realm of New Zealand - Statistics

General Stats
  • This quiz has been taken 456 times
    454 since last reset
  • The average score is 4 of 5
Answers on the Map
Answers color-coded by a green-red scale on the quiz's map according to % correct below.
 
Answer Stats
Answer % Correct
New Zealand (Aotearoa)
98%
Niue (Niuē)
93%
Cook Islands (Kūki 'Āirani)
88%
Tokelau
81%
Ross Dependency
36%
No matching quizzes found
Score Distribution
Percent of People with Each Score
Percentile by Number Answered
Your Score History
You have not taken this quiz since the last reset